Vybrané otázky ochrany medzinárodných investícií

Ochrana medzinárodných investícií patrí medzi najdôležitejšie témy súčasného medzinárodného práva. Bilaterálne investičné zmluvy, ktoré sú označované ako zmluvy o ochrane a vzájomnej podpore investícií - z medzinárodného hľadiska ide o dvojstranné medzinárodnoprávne akty uzatvárané medzi suverénnymi...

Descripción completa

Guardado en:
Detalles Bibliográficos
Autor principal: Budjač, Milan
Formato: Capítulo de libro
Lenguaje:eslovaco
Materias:
Etiquetas: Agregar Etiqueta
Sin Etiquetas, Sea el primero en etiquetar este registro!

MARC

LEADER 00000nla$a2200000$$$4500
001 0082144
005 20240502071925.1
041 0 |a slo 
044 |a SK 
245 1 0 |a Vybrané otázky ochrany medzinárodných investícií  |c Milan Budjač 
520 |a Ochrana medzinárodných investícií patrí medzi najdôležitejšie témy súčasného medzinárodného práva. Bilaterálne investičné zmluvy, ktoré sú označované ako zmluvy o ochrane a vzájomnej podpore investícií - z medzinárodného hľadiska ide o dvojstranné medzinárodnoprávne akty uzatvárané medzi suverénnymi štátmi. Analýza niektorých právnych aspektov ochrany medzinárodných investícií v súčasnom práve medzinárodných investícií. 
610 2 0 |a právo medzinárodné 
610 2 0 |a investície 
610 2 0 |a ochrana právna 
610 2 0 |a analýzy 
610 2 0 |a dohody medzinárodné 
100 1 |a Budjač, Milan